Statistics for Hollow Knight Enemy ABC's

Click here to take the quiz!

General Stats

  • This quiz has been taken 68 times
  • The average score is 2 of 23

Answer Stats

LetterEnemy% Correct
ZZote
52%
XXero
43%
AAspid Hunter
27%
TTiktik
27%
OObble
16%
BBoofly
9%
CCrystal Crawler
7%
EElder Baldur
7%
IInfected Balloon
7%
GGreat Husk Sentry
5%
KKingsmould
5%
NNo Eyes
5%
UUoma
5%
HHive Guardian
4%
LLoodle
4%
PPilflip
4%
WWinged Fool
4%
DDirtcarver
2%
FFolly
2%
SSporg
2%
VVolatile Gruzzer
2%
MMawlurk
0%
RRoyal Retainer
0%

Score Distribution

Percentile by Number Answered

Percent of People with Each Score

Your Score History

You have not taken this quiz